000 00408nam a22001217a 4500
008 230606b xxu||||| |||| 00| 0 eng d
020 _a0195211146
082 _a337.1
_bWOR
245 _aThe State in a Changing World
_bWorld Development Report 1997
_cThe International Bank for Reconstruction and Development / The World Bank
260 _aUSA
_bOxford University Press
_c1997
300 _a265 p
942 _2ddc
_cBK
999 _c606
_d606